00000000nam 2200000za 4500
0019.652953
003CaOODSP
00520240508142012
007ta
008150407|1988||||xxc|||||     f|0| 0 eng d
020 |a0-660-54235-8
040 |aCaOODSP|beng
041 |aeng
041 |afre
043 |an-cn---
0861 |aYX44-1985/I
1101 |aCanada.|bStatutes.
24510|aRevised Statutes of Canada, 1985, Supplement I
260 |bStatutes, |c1988.
5203 |aIndividual statutes of the Revised Statutes of Canada 1985 are also available separately in a bound format.
590 |a88-30|b1988-07-29
7760#|tLois révisées du Canada (1985). 1er supplément / |w(CaOODSP)9.676804
792 |tLois révisées du Canada (1985), Supplément I |efre|w(CaOODSP)9.652954